| 000 | 00907nam a22001817a 4500 | ||
|---|---|---|---|
| 003 | OSt | ||
| 005 | 20251127085732.0 | ||
| 008 | 251127b |||||||| |||| 00| 0 eng d | ||
| 040 | _cDCL | ||
| 082 | _a၂၉၄.၃၈၂၃၅၂၂ | ||
| 130 |
_aတိပိဋက။ _pသုတ္တန္တပိဋက။ _pခုဒ္ဒကနိကာယ။ _tထေရဂါထာ၊ _lအဋ္ဌကထာ။ |
||
| 245 |
_aထေရဂါထာအဋ္ဌကထာ၊ _nပထမတွဲ။ |
||
| 264 |
_aရန်ကုန် ၊ _bနိုင်ငံတော်ဗုဒ္ဓသာသနာအဖွဲ့၊ _c၁၉၅၉။ |
||
| 300 |
_aဇ၊ ၆၃၄ စာမျက်နှာ ၊ _c၂၅ စင်တီ။ |
||
| 650 |
_aထေရဂါထာ _vအဋ္ဌကထာ။ |
||
| 700 | _aဇာဂရမထေရ်၊ အသျှင် | ||
| 942 |
_2ddc _cSHORT TERM _n0 |
||
| 999 |
_c2639 _d2639 |
||